| 000 | 00570nam a2200229 a 4500 | ||
|---|---|---|---|
| 001 | nice12345678 | ||
| 003 | IN_TiNIC | ||
| 005 | 20260116011535.0 | ||
| 008 | 070706s0000 laha grp 000 0 urd | ||
| 020 |
_a _c100 |
||
| 082 | 0 | 0 |
_a297.409 _bJAM |
| 100 | _aJami, Nooruddin Md Abdur Rahman | ||
| 245 | _aNafhatul-ins. | ||
| 260 |
_aLahore _bNo Publisher _c0000 |
||
| 300 | _a672p | ||
| 500 | _aincludes index and biblioraphy | ||
| 650 | _aSufism-Hagiography | ||
| 700 | 1 | _aJami, Nooruddin Md Abdur Rahman | |
| 902 | _bSRS | ||
| 942 | _cBK | ||
| 999 |
_c2455 _d2455 |
||